| 000 | 00905nam a22001577a 4500 | ||
|---|---|---|---|
| 003 | OSt | ||
| 005 | 20151019135136.0 | ||
| 008 | 151019b xxu||||| |||| 00| 0 eng d | ||
| 040 | _cRUA | ||
| 082 | _aAVM VA 2009 B087 Or.1 | ||
| 100 |
_92457 _aVA, SOKLENG. |
||
| 245 | _aThe effect of using coral leave (erytrina variegata) in concentrate feed on growth rate of quail at the animal exprerimental station at royal university of agriculture, ឥទ្ទិពលនៃការប្រើប្រាស់ស្លឹករលួសបាយបន្ថែមក្នុងចំណីផ្សំលើការលូតលាស់របស់ក្រូចនៅស្ថានីយ៍ពិសោធន៍សត្វនៃសាកលវិទ្យាល័យភូមិន្ទកសិកម្ម | ||
| 260 |
_aPhnom Penh _bRUA _c2009 |
||
| 300 |
_ax; 39p. _bill. _c29cm. |
||
| 942 |
_2ddc _cAVM |
||
| 999 |
_c2312 _d2312 |
||